[Event "Metz op-B 28th"]
[Site "Metz"]
[Date "2010.04.10"]
[Round "1"]
[White "Garnier, Mickael"]
[Black "Mercier, Laurent"]
[Result "0-1"]
[WhiteElo "1630"]
[BlackElo "1886"]
[PlyCount "40"]
[EventDate "2010.04.10"]
[EventType "swiss"]
[EventRounds "9"]
[EventCountry "FRA"]
[SourceTitle "CBM 136 Extra"]
[Source "ChessBase"]
[SourceDate "2010.07.02"]
[SourceVersion "2"]
[SourceVersionDate "2010.07.15"]
[SourceQuality "1"]

1. e4 c5 2. Nf3 Nc6 3. d4 cxd4 4. Nxd4 d6 5. Nc3 g6 6. Nxc6 bxc6 7. Qd3 Bg7 8. Bd2 Qc7 9. g3 Nf6 10. Bg2 0-0 11. f4 Rb8 12. b3 Bd7 13. Rd1 Bg4 14. Rc1 Rfc8 15. Kf2 Bd7 16. Bf3 Ng4+ 17. Kg2 Qb6 18. Qe2 Bxc3 19. Bxc3 Ne3+ 20. Kg1 Nd1+ 0-1